000 00592nam a2200193 a 4500
001 000032166
005 20240412074255.0
008 110713s1929 dr 000 p spa d
040 _aDO-SdBNP
_bspa
_cBNPHU
082 _aRD861.44
_bM843e
100 1 _aMoreno Jimenes, Domingo,
_d1894-1986.
_919534
245 1 0 _aElixires /
_cD. Moreno Jimenes.
260 _aSanto Domingo :
_bColina Sacra,
_c1929.
300 _a[12] p. ;
_c15 cm.
590 _aInventariado, 2018/LP
650 0 _aPoesía dominicana
_966
650 0 _aLiteratura dominicana.
_967
910 _aValidado. Control de calidad MFF
999 _c31657
_d31657